000 01059nam2a22002531 4500
001 RU\NLR\INFOCOMM6\1000375356
005 20250617052448.0
035 _a(NLR Aleph) 002482908
090 _a2440374
_c2440374
100 _a20040112d1900 |||y0rusy50 ca
101 0 _arus
102 _aRU
105 _ay |||||||||
200 1 _aИскатели золота
_fГруссе П.
210 _d1900
_aБ. м.
461 0 _1001RU\NLR\INFOCOMM6\1000375355
_12001#$aБиблиотека романов$eПриключения на суше и на море$eБеспл. прил. к журн. "Природа и люди"$v[1900, Кн.7]
_92440367
_cСПб.
_d[1900]-1904
_nП.П.Сойкин
_oПриключения на суше и на море : Беспл. прил. к журн. "Природа и люди"
_tБиблиотека романов
_v[1900, Кн.7]
700 1 _aГруссе
_bП.
_4070
801 1 _aRU
_bInfoComm
_c20040112
801 0 _aRU
_bNLR
_gPSBO
852 _aNLR
_j45/27
942 _cISSUE
980 _aNB
980 _aRUSPER